Mafia: The City of Lost Heaven - městské čtvrtě - Statistics

General Stats
  • This quiz has been taken 20 times
  • The average score is 6 of 9
Answer Stats
Answer % Correct
2 Chinatown
88%
4 Hoboken
81%
5 Little Italy
81%
1 Central Island
69%
6 New Ark
69%
7 Oak Hill
63%
3 Downtown
56%
8 Oakwood
56%
9 Works Quarter
44%
No matching quizzes found
Score Distribution
Percent of People with Each Score
Percentile by Number Answered
Your Score History
You have not taken this quiz